00214nam a2200097Ia 4500008004100000100000900041245002200050260002000072942000700092999001700099190216s9999||||xx |||||||||||||| ||und|| aNull 0aHindi-Pad Prasoon bRamanarayaralal cBK c18053d18053